[Event "HCL-A129"]
[Site "www.playchess.de"]
[Date "2001.04.11"]
[Round "7"]
[White "janus"]
[Black "pierrette"]
[WhiteElo "1918"]
[BlackElo "1800"]
[PlyCount "37"]
[Result "1/2-1/2"]

1.e4 {Good luck for you and a thrilling game for 
us !!}  d6 {viele danke}  2.f4 Nf6 3.Nc3 g6 4.d4 
Bg7 5.Nf3 c5 6.Bb5+ Bd7 7.e5 Ng4 8.Bxd7+ Qxd7 9.d5 
dxe5 10.h3 e4 11.Nxe4 Nf6 12.Nxc5 Qxd5 13.Qxd5 
Nxd5 14.Nxb7 Nc6 15.Rh2 {Rh2 was a very difficult 
move - c4 loose quickly !!}  Rb8 {Rh2??? ou vas la 
tour}  16.Nc5 Bxb2 17.Bxb2 Rxb2 18.O-O-O Ne3 
19.Kxb2 1/2-1/2

[Event "HCL-A134"]
[Site "www.playchess.de"]
[Date "2001.04.11"]
[Round "1"]
[White "Translightor"]
[Black "One_i"]
[WhiteElo "1431"]
[BlackElo "1708"]
[PlyCount "97"]
[Result "1-0"]

1.e4 {Hello & Good luck!}  d5 {Good luck to you 
from Canada}  2.exd5 Nf6 3.c4 e6 4.dxe6 Bxe6 5.Nf3 
Bc5 6.Be2 Nc6 7.O-O O-O 8.Nc3 Re8 9.d3 Nd4 10.Nxd4 
Bxd4 11.Bd2 c6 12.Bf3 Qd7 13.Qc2 Qd6 14.Be3 Be5 
15.h3 Qd7 16.Ne4 Nxe4 17.dxe4 Bxh3 18.Rfd1 Qe6 
19.gxh3 Qxh3 20.Bg2 Qh2+ 21.Kf1 Re6 22.Qe2 Rg6 
23.f3 h5 24.Bg1 Qf4 25.Rd7 Rf8 26.Rad1 f5 27.Be3 
Qh4 28.Bf2 Qh2 29.Bc5 h4 30.Bg1 Qg3 31.Qf2 Qg5 
32.exf5 Rxf5 33.R7d8+ Kh7 34.Ra8 Bf6 35.Bh2 Be7 
36.Qd2 Qf6 37.Qf2 Bc5 38.Qe2 Bb6 39.b4 Rxg2 
40.Kxg2 h3+ 41.Kh1 Rxf3 42.Qe4+ g6 43.Rd7+ Kh6 
44.Rh8+ Kg5 45.Qh4+ Kf5 46.Qxf6+ Kxf6 47.Rf8+ Ke6 
48.Rd6+ Ke7 49.Rxf3 1-0

[Event "ACL-A156"]
[Site "www.playchess.de"]
[Date "2001.04.11"]
[Round "3"]
[White "fossa"]
[Black "vijal"]
[WhiteElo "1500"]
[BlackElo "1114"]
[PlyCount "68"]
[Result "0-1"]

1.e3 e5 2.c4 Nf6 3.Nf3 Bc5 4.Nxe5 d6 5.Nf3 Be6 
6.Qb3 Bb6 7.Qb5+ c6 8.Qg5 O-O 9.Nc3 h6 10.Qh4 Nbd7 
11.Ne4 Nxe4 12.Bd3 Nef6 13.b3 d5 14.cxd5 Nxd5 
15.Qe4 N7f6 16.Qh4 Nh7 17.Bxh7+ Kxh7 18.Ba3 Qxh4 
19.Nxh4 Rfd8 20.O-O Nf6 21.d4 Ne4 22.Rad1 g5 
23.Nf3 Bg4 24.h3 Bxf3 25.gxf3 Nc3 26.Rd2 Nb5 
27.Bb4 a5 28.Be7 Rde8 29.Bc5 Bxc5 30.dxc5 Rad8 
31.Rxd8 Rxd8 32.Rb1 Rd2 33.a4 Nc3 34.Rc1 
Ne2+ 0-1

[Event "ACL-E008"]
[Site "www.playchess.de"]
[Date "2001.04.11"]
[Round "21"]
[White "player27"]
[Black "Dany"]
[WhiteElo "1723"]
[BlackElo "1479"]
[PlyCount "25"]
[Result "1-0"]

1.Nf3 {*handshake* Good luck!}  d5 {ok...good 
luck!..:))}  2.g3 c5 3.Bg2 Nf6 4.O-O Nc6 5.d4 e6 
6.c4 Qb6 7.cxd5 Nxd5 8.e4 Nf6 9.d5 exd5 10.exd5 
Nb4 11.Re1+ Kd8 12.Ng5 Qc7 13.Bf4 1-0

[Event "ACL-A144"]
[Site "www.playchess.de"]
[Date "2001.04.11"]
[Round "11"]
[White "hercos"]
[Black "Rparkes"]
[WhiteElo "1900"]
[BlackElo "1615"]
[PlyCount "66"]
[Result "0-1"]

1.e4 {hi, ow are you ?}  e6 2.d4 d5 3.Nd2 Nf6 4.e5 
Nfd7 5.c4 Bb4 6.cxd5 {Hola, como estas ?}  exd5 
7.a3 {Bien, y tu ? lo que haces ?}  Bxd2+ 8.Bxd2 
{Ingenieria electrica. Y tu ?}  Nb6 9.Bb4 a5 
10.Bd2 Nc6 11.Nf3 Bg4 {Hola yo soy Ing. en 
Informática}  12.Be3 O-O 13.Bd3 Re8 14.Rc1 f6 
15.exf6 Qxf6 16.Be2 Bxf3 17.Bxf3 Nxd4 18.Rxc7 
Nxf3+ 19.Qxf3 Qxf3 20.gxf3 d4 21.Rxb7 Nc4 22.Rg1 
g6 23.b3 Nxa3 24.h4 dxe3 25.h5 exf2+ 26.Kxf2 Rab8 
27.Ra7 Rxb3 28.hxg6 Rb2+ 29.Kg3 hxg6 30.Kh4 Rb6 
31.Rxa5 Nc4 32.Rc5 Ne5 33.Re1 Nxf3+ 0-1

[Event "ACL-A144"]
[Site "www.playchess.de"]
[Date "2001.04.11"]
[Round "14"]
[White "Rparkes"]
[Black "HrDoctor"]
[WhiteElo "1615"]
[BlackElo "1500"]
[PlyCount "66"]
[Result "0-1"]

1.d4 d5 2.c4 Nf6 3.cxd5 Nxd5 4.e4 Nb6 5.Nf3 Bg4 
6.Be2 e6 7.O-O Nc6 8.Be3 f5 9.Nc3 Be7 10.Re1 O-O 
11.h3 Bh5 12.d5 fxe4 13.dxc6 Qxd1 14.Raxd1 exf3 
15.Bxf3 Bxf3 16.gxf3 Nc4 17.cxb7 Rab8 18.b3 Nxe3 
19.Rxe3 Bb4 20.Ne4 Rfe8 21.Ng5 e5 22.Rd7 Rxb7 
23.f4 h6 24.Nf3 e4 25.Ne5 Bd6 26.Rxe4 Rb5 27.Kg2 
g5 28.Ng4 Rxe4 29.Nf6+ Kf8 30.Nxe4 Bxf4 31.Nc3 Rf5 
32.Nd5 Ke8 33.Rxc7 Bxc7 0-1

[Event "HCL-C287"]
[Site "www.playchess.de"]
[Date "2001.04.11"]
[Round "9"]
[White "Cosmonauta"]
[Black "sander"]
[WhiteElo "1000"]
[BlackElo "1016"]
[PlyCount "39"]
[Result "1-0"]

1.e4 {Hallo}  d5 {Hi! I'm sure, I just don't know 
the german name for it, but where is Colombia?}  
2.e5 {The german name for Colombia is Kolumbien. 
We are localised at the nordwest point of south 
america}  e6 {Of course!}  3.d4 {I know where is 
Germany, but what about you???}  Bb4+ {I'm living 
there...}  4.Bd2 {where...???? in which city???}  
Nc6 {actually in rerik (small town at the baltic 
sea, near rostock), but maybe soon berlin!}  5.c3 
{Are you tired from small towns??}  Ba5 {Yes! If 
always have to drive a long time...}  6.Bb5 
{What´s your occupation???}  Nh6 {I'm still at 
school, 12th grade now}  7.Qa4 {who old are 
you???}  b6 {i'll become 18 in a month}  8.Bxc6+ 
{And what do you want to do in Berlin???}  Bd7 
{Doing my last school year and then study, but 
maybe not in berlin.}  9.b4 {And what do you wanna 
study in Berlin???}  b5 {maths. btw: do you have 
killerbees in colombia? somebody randomly told me 
about this today...?}  10.Bxd7+ {killerbees and 
humankillers}  Qxd7 {??? I tried to look up some 
info at amnesty international, but their database 
doesn't work.}  11.Qxa5 {look at 
http://www.auswaertiges-amt.de/www/de/laenderinfos/ 
unter Kolumbien}  Qe7 {only a "difficult situation 
in human rights" is mentioned... you're quite 
familiar with germany...?}  12.Qxb5+ {a little 
bit...}  Kd8 {why? school or something like that?} 
 13.Nf3 {I like Germany, I do not why...}  Kc8 
14.Qa6+ Kb8 15.O-O Qf6 16.exf6 gxf6 17.Bxh6 e5 
18.dxe5 fxe5 19.Nxe5 f6 20.Nd7+ 1-0

[Event "HCL-C288"]
[Site "www.playchess.de"]
[Date "2001.04.11"]
[Round "5"]
[White "Blitzdonder"]
[Black "castle"]
[WhiteElo "1000"]
[BlackElo "1000"]
[PlyCount "62"]
[Result "0-1"]

1.d4 d5 2.Nc3 Nf6 3.Nf3 Nc6 4.e3 e6 5.Bd3 Bb4 
6.O-O O-O 7.e4 Bxc3 8.bxc3 dxe4 9.Bc4 {messed up 
and put myself on the defensive}  exf3 10.Qxf3 e5 
{But You still have some advantages}  11.Be3 Qe7 
12.Bg5 Be6 13.Be2 exd4 14.Rad1 dxc3 15.Qg3 Bxa2 
16.Rde1 h6 17.Bd3 Qd8 18.Re3 Re8 19.Rfe1 Rxe3 
20.fxe3 hxg5 21.Qxg5 Nb4 22.Bf5 Qd2 23.Qg3 Nxc2 
24.Rf1 Qxe3+ 25.Kh1 Qxg3 26.hxg3 Ne3 27.Be4 Nxf1 
28.Bxb7 {taking my last gasp with this move}  Rd8 
{One mistake becomes costly !!!}  29.g4 {One!! 
I've made a lot more than that}  Nxg4 {One mistake 
leads to another}  30.Kg1 {Especiall against a 
good opponent}  Rd1 {Thanks. But I am still an 
amateur}  31.g3 {I give credit where it is due}  
Nfe3+ {That was a nice game !!!} 
 0-1

[Event "HCL-C285"]
[Site "www.playchess.de"]
[Date "2001.04.11"]
[Round "15"]
[White "Zardoz"]
[Black "MmeAicha"]
[WhiteElo "1000"]
[BlackElo "1000"]
[PlyCount "21"]
[Result "1-0"]

1.e4 d5 2.Nc3 d4 3.Nd5 e6 4.Nf4 Nc6 5.Bb5 Qg5 6.g3 
Qxb5 7.d3 Bb4+ 8.Kf1 e5 9.Nd5 Ba5 10.Bd2 Bxd2 
11.Nxc7+ 1-0

[Event "HCL-A133"]
[Site "www.playchess.de"]
[Date "2001.04.11"]
[Round "16"]
[White "gypla"]
[Black "Hubble"]
[WhiteElo "1900"]
[BlackElo "1584"]
[PlyCount "21"]
[Result "1-0"]

1.e4 e5 2.d4 exd4 3.Bc4 Nc6 4.Nf3 Bc5 5.c3 Nge7 
6.cxd4 Bb4+ 7.Nc3 O-O 8.O-O d6 9.Ng5 Ng6 10.Qh5 h6 
11.Nxf7 1-0

[Event "HCL-A133"]
[Site "www.playchess.de"]
[Date "2001.04.11"]
[Round "20"]
[White "gypla"]
[Black "myosotis1984"]
[WhiteElo "1900"]
[BlackElo "1170"]
[PlyCount "43"]
[Result "1-0"]

1.d4 Nf6 2.e3 c5 3.c3 d5 4.Bd3 e6 5.Nd2 Nc6 6.f4 
h5 7.Ngf3 c4 8.Bc2 Be7 9.O-O Ng4 10.Qe2 b5 11.Ne5 
Ngxe5 12.fxe5 a5 13.e4 b4 14.Qf3 Rf8 15.Qxh5 a4 
16.a3 bxc3 17.bxc3 Na5 18.exd5 exd5 19.Bxa4+ Bd7 
20.e6 Bxa4 21.Rxf7 Qd6 22.Rxf8+ 1-0

[Event "HCL-B299"]
[Site "www.playchess.de"]
[Date "2001.04.11"]
[Round "6"]
[White "gktyro"]
[Black "Outeralert"]
[WhiteElo "1500"]
[BlackElo "1572"]
[PlyCount "50"]
[Result "0-1"]

1.e4 d6 2.d4 Nf6 3.Nc3 g6 4.Nf3 Bg7 5.Bd3 O-O 
6.Be3 Nbd7 7.Qd2 c5 8.d5 Re8 9.O-O-O a6 10.Ne2 b5 
11.Ng3 b4 12.h4 h5 13.Ng5 Ne5 14.Be2 Qa5 15.Kb1 
Neg4 16.f3 Nxe3 17.Qxe3 Bd7 18.c4 bxc3 19.Qxc3 Qb6 
20.Qb3 Qxb3 21.axb3 Reb8 22.Bc4 a5 23.Kc2 Rb4 
24.Ne2 a4 25.bxa4 Rxc4+ 0-1

[Event "HCL-B298"]
[Site "www.playchess.de"]
[Date "2001.04.11"]
[Round "9"]
[White "Elrond"]
[Black "sboehnisch"]
[WhiteElo "1669"]
[BlackElo "1177"]
[PlyCount "75"]
[Result "1-0"]

1.e4 e5 2.f4 Nc6 3.Nf3 Nf6 4.fxe5 Nxe4 5.d3 Bb4+ 
6.c3 Ba5 7.dxe4 d6 8.exd6 Qxd6 9.Qxd6 cxd6 10.Bf4 
Bc7 11.Nbd2 O-O 12.O-O-O f5 13.Bc4+ Kh8 14.Ng5 
fxe4 15.Nf7+ Rxf7 16.Bxf7 Bd7 17.Bd5 Rf8 18.Rhf1 
h6 19.Nxe4 Ne7 20.Bxb7 Bb5 21.Bxd6 Bxf1 22.Bxc7 
Bxg2 23.Rd8 Kg8 24.Rxf8+ Kxf8 25.Bd6 Bxe4 26.Bxe4 
g5 27.Bf3 Ke8 28.Bxe7 Kxe7 {Jetzt aber :0)}  29.b4 
{jetzt aber was ?? Ist doch eine klare Abwicklung 
in ein gewonnenes EG. :-)}  Kd6 30.c4 {immernoch 
jetz aber ??}  Kc7 {Klar doch, liegt ja nun an Dir 
! War nicht bös gemeint.}  31.c5 {ok, die ?? waren 
?? fuer was ist gemeint - ohne boese absicht.}  a6 
32.a4 Kb8 33.b5 axb5 34.axb5 {kleiner tip um die 
wdh zu stoppe tu blanks in die msg-zeile}  Kc7 
{o.k. danke für den tip}  35.b6+ {gern geschehen!} 
 Kc8 36.c6 Kb8 37.c7+ Kc8 38.Bg4+ 1-0

[Event "HCL-C280"]
[Site "www.playchess.de"]
[Date "2001.04.11"]
[Round "17"]
[White "MEATHEAD"]
[Black "jhvn"]
[WhiteElo "867"]
[BlackElo "1184"]
[PlyCount "52"]
[Result "0-1"]

1.e4 c6 2.Bc4 d6 3.Qf3 e6 4.Nh3 h6 5.O-O Nf6 6.d4 
g5 7.Qe3 Bg7 8.d5 b5 9.Bb3 c5 10.c4 Bd7 11.Nd2 Qe7 
12.a4 bxa4 13.Bxa4 Nh7 14.Bxd7+ Qxd7 15.Ra3 a5 
16.b3 Qa7 17.f4 Bd4 18.Qxd4 cxd4 19.fxg5 Nxg5 
20.Nf2 Qb6 21.Bb2 Nd7 22.Ba1 Rg8 23.b4 Qxb4 24.Rd3 
Ne5 25.Bxd4 Nxd3 26.Nxd3 Nh3+ 0-1

[Event "HCL-C280"]
[Site "www.playchess.de"]
[Date "2001.04.11"]
[Round "30"]
[White "MEATHEAD"]
[Black "DC"]
[WhiteElo "867"]
[BlackElo "1000"]
[PlyCount "51"]
[Result "1/2-1/2"]

1.e4 Nc6 2.Bc4 e6 3.c3 d5 4.exd5 exd5 5.Bb5 Qe7+ 
6.Ne2 Bg4 7.f3 Bf5 8.Na3 O-O-O 9.Bxc6 bxc6 10.b4 
Qh4+ 11.g3 Qh3 12.Nf4 Re8+ 13.Kf2 Qh6 14.Qa4 Kb8 
15.b5 Bxa3 16.Bxa3 cxb5 17.Qxb5+ Qb6+ 18.Qxb6+ 
cxb6 19.Nxd5 Nf6 20.Bd6+ Kb7 21.Nxf6 {care for a 
draw?}  Re6 22.Rhe1 gxf6 {sorry, i don´t see your 
offer}  23.Rxe6 Bxe6 24.d4 Kc6 25.Be7 f5 26.f4 
{this is getting very boring, still no draw???} 
 1/2-1/2

[Event "HCL-C293"]
[Site "www.playchess.de"]
[Date "2001.04.11"]
[Round "9"]
[White "El-Haddad"]
[Black "fossa"]
[WhiteElo "1000"]
[BlackElo "951"]
[PlyCount "35"]
[Result "1-0"]

1.e4 e6 2.d4 c5 3.Nf3 Qa5+ 4.Nc3 Nc6 5.d5 exd5 
6.exd5 Nce7 7.Bd2 Qb6 8.Ne5 f5 9.Be2 a6 10.Na4 Qf6 
11.Bc3 d6 12.Nc4 Qg6 13.Bh5 b5 14.Bxg6+ Nxg6 
15.Qe2+ Kf7 16.Nab6 Rb8 17.Nxc8 Rxc8 
18.Qe6+ 1-0

[Event "HCL-C289"]
[Site "www.playchess.de"]
[Date "2001.04.11"]
[Round "1"]
[White "fossa"]
[Black "Lukas"]
[WhiteElo "951"]
[BlackElo "845"]
[PlyCount "69"]
[Result "1-0"]

1.e3 e5 2.c4 Nf6 3.Nc3 Bb4 4.Qc2 d6 5.Qa4+ Nc6 
6.Nd5 Ba5 7.b4 Bb6 8.Nxb6 cxb6 9.b5 Ne7 10.Qb4 O-O 
11.Nf3 h6 12.Be2 Bg4 13.h3 Bxf3 14.Bxf3 Qd7 15.Bb2 
Rfc8 16.O-O Qe6 17.Bxb7 Rxc4 18.Qa3 Rd8 19.Qxa7 
Qd7 20.Qa6 Rc7 21.Bf3 Rdc8 22.Qa4 Ra7 23.Qb3 Rac7 
24.a4 Qf5 25.d3 Ng6 26.Rfc1 Nh4 27.Be2 Qg5 28.g4 
h5 29.Rxc7 Rxc7 30.Qd1 Nf5 31.Bc1 Rxc1 32.Rxc1 
hxg4 33.Bxg4 Nxe3 34.fxe3 Qxe3+ 
35.Kg2 1-0

[Event "HCL-C289"]
[Site "www.playchess.de"]
[Date "2001.04.11"]
[Round "2"]
[White "hercos"]
[Black "fossa"]
[WhiteElo "1344"]
[BlackElo "951"]
[PlyCount "22"]
[Result "0-1"]

1.e4 {Again ...}  e6 2.d4 c5 3.Nf3 Qa5+ 4.c3 Nc6 
5.Be3 Qb6 6.Qd2 Nf6 7.Bd3 cxd4 8.Nxd4 Bc5 9.Be2 
Nxd4 10.Bxd4 Bxd4 11.Qxd4 Qxb2 0-1

[Event "HCL-B304"]
[Site "www.playchess.de"]
[Date "2001.04.11"]
[Round "3"]
[White "gandalf"]
[Black "sundfar"]
[WhiteElo "956"]
[BlackElo "1361"]
[PlyCount "100"]
[Result "0-1"]

1.d4 Nf6 2.c4 e6 3.a3 c5 4.Nc3 Nc6 5.Nf3 b6 6.Bf4 
d6 7.e3 g6 8.Be2 Bg7 9.O-O O-O 10.d5 exd5 11.cxd5 
Ne7 12.Bc4 a6 13.Re1 b5 14.Ba2 c4 15.e4 Rb8 16.Qd2 
Bg4 17.Ng5 h6 18.Nf3 Bxf3 19.gxf3 Nh5 20.Bxh6 f5 
21.Bg5 Rb7 22.Bb1 fxe4 23.Bxe4 Nf6 24.Rad1 Kf7 
25.Qc2 Qd7 26.Na2 Rh8 27.h4 Qh3 28.Re3 Nxe4 
29.fxe4 Qg4+ 30.Rg3 Qh5 31.Qd2 Be5 32.Rg2 Bxb2 
33.Qxb2 Qxd1+ 34.Kh2 Rf8 35.Bxe7 Rxe7 36.f3 Ke8 
37.Rxg6 Qxf3 38.Nc3 Qf2+ 39.Qxf2 Rxf2+ 40.Kg3 Rc2 
41.Nd1 Rc1 42.Ne3 Rg1+ {it is getting dangerous 
for you}  43.Ng2 c3 44.Rxd6 c2 45.Rxa6 c1Q {%}  
46.Ra8+ Kf7 47.d6 Rd7 48.e5 Qc3+ 49.Kh2 Rxg2+ 
50.Kxg2 Qc6+ 0-1

[Event "HCL-A131"]
[Site "www.playchess.de"]
[Date "2001.04.11"]
[Round "14"]
[White "LUCIANO"]
[Black "Translightor"]
[WhiteElo "1268"]
[BlackElo "1414"]
[PlyCount "60"]
[Result "1/2-1/2"]

1.d4 Nf6 {Good luck!}  2.c4 e6 3.Nc3 Bb4 4.e3 c5 
5.Bd3 O-O 6.Nf3 d5 7.O-O dxc4 8.Bxc4 Nbd7 9.a3 
cxd4 10.axb4 dxc3 11.bxc3 Qc7 12.Qb3 b6 13.Rd1 Bb7 
14.Nd4 Rfc8 15.Bb5 Bd5 16.Qa4 Ne5 17.Bb2 Nc4 
18.Bxc4 Bxc4 19.Nb5 Bxb5 20.Qxb5 a5 21.h3 axb4 
22.cxb4 Nd5 23.Rxa8 Rxa8 24.e4 Qc2 25.Ra1 Rxa1+ 
26.Bxa1 Qc1+ 27.Kh2 Qf4+ 28.Kg1 Qc1+ 29.Kh2 Qf4+ 
30.Kg1 Qc1+ {I claim a draw. We've got the same 
position for the third time (like after move 26, 
move 28).}  1/2-1/2

[Event "HCL-C289"]
[Site "www.playchess.de"]
[Date "2001.04.11"]
[Round "7"]
[White "Tim"]
[Black "fossa"]
[WhiteElo "1000"]
[BlackElo "951"]
[PlyCount "48"]
[Result "0-1"]

1.d4 e6 2.g3 c5 3.dxc5 Bxc5 4.Be3 Qb6 5.Qd2 Bxe3 
6.Qxe3 Qxb2 7.Qb3 Qxa1 8.Nf3 Qf6 9.Qa3 Nc6 10.Nfd2 
Nd4 11.Ne4 Qe5 12.Ned2 Nxc2+ 13.Kd1 Nxa3 14.Nxa3 
Qd5 15.Nab1 Qxh1 16.h4 b6 17.Nc3 Bb7 18.f3 Nf6 
19.Kc2 Qg1 20.Nd1 Rc8+ 21.Kb1 Qxg3 22.Ne4 Bxe4+ 
23.Ka1 Qe5+ 24.Nb2 Rc1+ 0-1

[Event "HCL-C297"]
[Site "www.playchess.de"]
[Date "2001.04.11"]
[Round "3"]
[White "Lukas"]
[Black "Chopz8va"]
[WhiteElo "1038"]
[BlackElo "1083"]
[PlyCount "39"]
[Result "1-0"]

1.e4 e5 {Hello & Good Luck}  2.Nf3 {Good luck! - 
Sorry, my English is terrible...}  Nc6 {Your 
English looks fine}  3.Bb5 {I help myself with the 
translator}  a6 4.Bxc6 dxc6 5.O-O Bd6 6.d4 Bg4 
7.dxe5 Bxf3 8.Qxf3 Bxe5 9.Nd2 Nf6 10.h3 O-O 11.c3 
Re8 12.Re1 Qd7 13.Nb3 Red8 14.Bg5 Qd6 15.Na5 Bh2+ 
16.Kh1 Be5 17.Nxb7 Qd3 18.Nxd8 Qxf3 19.gxf3 Rxd8 
20.f4 1-0

[Event "ACL-A159"]
[Site "www.playchess.de"]
[Date "2001.04.11"]
[Round "6"]
[White "mats"]
[Black "Blitzmich"]
[WhiteElo "1500"]
[BlackElo "1577"]
[PlyCount "30"]
[Result "0-1"]

1.e4 d5 2.exd5 Qxd5 3.d4 Nc6 4.Be3 Bf5 5.c4 Qd7 
6.Bd3 e5 7.Bxf5 Qxf5 8.d5 Nb4 9.Na3 Nd3+ 10.Ke2 
Nxb2 11.Qb3 Bxa3 12.Qxa3 Qc2+ 13.Ke1 Nxc4 14.Qc1 
Qe4 15.Qc3 Ne7 0-1

[Event "HCL-C303"]
[Site "www.playchess.de"]
[Date "2001.04.11"]
[Round "5"]
[White "MEATHEAD"]
[Black "JonnyGreenwood"]
[WhiteElo "849"]
[BlackElo "1000"]
[PlyCount "74"]
[Result "1/2-1/2"]

1.e4 e5 2.Nf3 Nc6 3.Bc4 Nge7 4.Ng5 d5 {i admire 
your opening tactics}  5.exd5 Nxd5 6.d3 Na5 7.Qf3 
Be6 8.Bd2 Nxc4 9.dxc4 Nb4 10.O-O Nxc2 11.Nxe6 fxe6 
12.Qxb7 Nxa1 13.Qc6+ Kf7 14.Qe4 Rb8 15.Bc3 Qg5 
{thanks for moving your bishop}  16.g3 Qf5 17.Qxe5 
Qxe5 18.Bxe5 Rb4 19.Rc1 Ra4 20.Nc3 Rxa2 21.Nxa2 
Nb3 22.Rd1 Bc5 23.Rd7+ Ke8 24.Rxc7 Rf8 25.Rc8+ Kf7 
26.Rxf8+ Kxf8 27.h4 {u dont wish to have a draw my 
friend???}  h6 {no thanks.}  28.g4 {your lost}  
Nd4 29.Bxd4 Bxd4 30.b4 Bf6 31.h5 e5 32.f3 Bg5 
33.c5 Ke7 34.b5 Be3+ 35.Kg2 Bxc5 36.Nc3 Kd7 37.Kg3 
Bd4 {we draw now and come out ahead in our other 2 
matches; win the tourney anyway} 
 1/2-1/2

[Event "HCL-C303"]
[Site "www.playchess.de"]
[Date "2001.04.11"]
[Round "8"]
[White "JonnyGreenwood"]
[Black "fossa"]
[WhiteElo "1000"]
[BlackElo "982"]
[PlyCount "38"]
[Result "0-1"]

1.e4 {what country's flag do you bare?}  e6 
{Venezuela}  2.d4 {oh, right.  well, good luck.}  
c5 3.Nf3 Nc6 4.c3 Nf6 5.Bd3 Qb6 6.e5 Nd5 7.Be3 
cxd4 8.cxd4 Qxb2 9.Nbd2 Nxe3 10.fxe3 Nb4 11.Bb5 
Nc2+ 12.Kf1 Nxe3+ 13.Ke1 Nxd1 14.Kxd1 Qxa1+ 15.Ke2 
Qxh1 16.g4 Qg2+ 17.Ke3 b6 18.g5 Bb7 19.Bc4 
Bb4 0-1

[Event "HCL-C300"]
[Site "www.playchess.de"]
[Date "2001.04.11"]
[Round "5"]
[White "MEATHEAD"]
[Black "lsoule"]
[WhiteElo "849"]
[BlackElo "985"]
[PlyCount "60"]
[Result "0-1"]

1.e4 e5 2.d4 exd4 3.Qxd4 Nc6 4.Qc4 Nf6 5.Nc3 Bd6 
6.Nf3 O-O 7.Be2 Re8 8.Bd3 Ne5 9.Nxe5 Bxe5 10.Nb5 
a6 11.Na3 b5 12.Qb3 Bb7 13.f3 d5 14.Bd2 dxe4 
15.fxe4 Nxe4 16.O-O-O Nxd2 17.Rxd2 Bf4 18.Rf1 
Bxd2+ 19.Kxd2 Qg5+ 20.Kc3 Qe5+ 21.Kd2 Bd5 22.Qb4 
Bxg2 23.Rg1 Qe3+ 24.Kc3 Qxg1 25.Qh4 Qe1+ 26.Qxe1 
Rxe1 27.b3 Be4 28.Bxe4 Rxe4 29.Nb1 Rd8 30.Nd2 
Re3+ 0-1

[Event "HCL-C302"]
[Site "www.playchess.de"]
[Date "2001.04.11"]
[Round "1"]
[White "YoYo"]
[Black "MEATHEAD"]
[WhiteElo "1263"]
[BlackElo "862"]
[PlyCount "53"]
[Result "1-0"]

1.d4 {hi gl}  e6 2.c4 Bb4+ 3.Bd2 Bxd2+ 4.Nxd2 Nc6 
5.e3 Nf6 6.Ngf3 O-O 7.Bd3 d5 8.O-O dxc4 9.Bxc4 Nh5 
10.Qc2 Qf6 11.a3 b5 12.Bxb5 Nd8 13.Qxc7 a5 14.Nb3 
Ba6 15.Bxa6 Rxa6 16.Nc5 Rc6 17.Qxa5 Qf5 18.Qb4 Nf6 
19.Rac1 h6 20.Rfe1 Qh5 21.Ne5 Ng4 22.Nxg4 Qxg4 
23.Nd7 Rxc1 24.Qxf8+ Kh7 25.Rxc1 Nc6 26.Qxf7 h5 
27.Nf6+ 1-0

[Event "HCL-B126"]
[Site "www.playchess.de"]
[Date "2001.04.12"]
[Round "2"]
[White "FreddyRick"]
[Black "Bauernopfer"]
[WhiteElo "1200"]
[BlackElo "1368"]
[PlyCount "60"]
[Result "0-1"]

1.Nf3 d5 2.d4 Bf5 3.Nc3 e6 4.Bf4 Bb4 5.a3 Bxc3+ 
6.bxc3 Nc6 7.Qb1 b6 8.h3 Nf6 9.Ne5 Nxe5 10.dxe5 
Nd7 11.f3 O-O 12.e4 dxe4 13.Kf2 exf3 14.h4 Nc5 
15.gxf3 c6 16.h5 Qe7 17.h6 g6 18.Bd3 Nxd3+ 19.cxd3 
Qc5+ 20.Be3 Qxc3 21.Ra2 Qxe5 22.f4 Qc3 23.Rc1 Bxd3 
24.Qa1 Qxa1 25.Raxa1 c5 26.Rcd1 Rfd8 27.f5 Bxf5 
28.Rdf1 f6 29.Bf4 e5 30.Bg3 Kf7 0-1

[Event "HCL-B148"]
[Site "www.playchess.de"]
[Date "2001.04.12"]
[Round "26"]
[White "ignomonius"]
[Black "Nils"]
[WhiteElo "1500"]
[BlackElo "1707"]
[PlyCount "42"]
[Result "0-1"]

1.e4 {hi}  e5 {Hi, I wish a nice game!}  2.Nf3 {We 
will if I can get my game together!!}  Nc6 3.d4 
exd4 4.Bc4 Nf6 5.O-O Nxe4 6.Re1 d5 7.Bxd5 Qxd5 
8.Nc3 Qa5 9.Nxe4 Be7 10.Bd2 Qb6 11.Bh6 gxh6 
12.Nf6+ Kf8 13.Nd5 Qc5 14.Nxc7 Rb8 15.Qd2 Kg7 
16.h4 Rd8 17.Qf4 Bd6 18.Qd2 Bxc7 19.Rad1 Ba5 20.c3 
dxc3 21.Qc2 Bf5 0-1

[Event "HCL-C154"]
[Site "www.playchess.de"]
[Date "2001.04.12"]
[Round "12"]
[White "Petra"]
[Black "rhonda202"]
[WhiteElo "1179"]
[BlackElo "944"]
[PlyCount "104"]
[Result "0-1"]

1.e4 e5 2.Nf3 Nf6 3.Bc4 Nc6 4.Ng5 Na5 5.Nxf7 Qe7 
6.Nxh8 Nxc4 7.d3 Nd6 8.O-O b6 9.Nc3 c5 10.Nd5 Nxd5 
11.Qh5+ Kd8 12.Bg5 Nf6 13.f4 Nf7 14.Nxf7+ Kc7 
15.Nxe5 d6 16.Qf7 Qxf7 17.Nxf7 Be6 18.e5 Bxf7 
19.exf6 gxf6 20.Bxf6 c4 21.Rae1 cxd3 22.Be7 d2 
23.Re3 Bc4 24.Rc3 b5 25.f5 Bxe7 26.f6 Rf8 27.a4 
Bxf6 28.Rxc4+ bxc4 29.c3 d5 30.Kf2 Re8 31.Rd1 Bg5 
32.g4 Be3+ 33.Ke2 a5 34.h4 Bf4+ 35.Kf3 Re1 36.Rxd2 
Bxd2 37.g5 Bc1 38.Kg4 Bxb2 39.Kh5 Bxc3 40.Kh6 Re7 
41.g6 Bd2+ 42.Kh5 c3 43.gxh7 Rxh7+ 44.Kg6 Rh6+ 
45.Kg7 Rxh4 46.Kf6 c2 47.Ke6 c1Q {%}  48.Kxd5 Rh5+ 
49.Kd4 Be1 50.Ke4 Qc4+ 51.Ke3 Re5+ 52.Kf3 
Qe4+ 0-1

[Event "HCL-E020"]
[Site "www.playchess.de"]
[Date "2001.04.12"]
[Round "7"]
[White "d2d4"]
[Black "Goofy"]
[WhiteElo "2029"]
[BlackElo "2122"]
[PlyCount "54"]
[Result "0-1"]

1.d4 {hello from Budapest! Robert}  Nf6 {Hello 
from Munich!}  2.c4 g6 3.Nc3 d5 4.cxd5 Nxd5 5.e4 
Nxc3 6.bxc3 Bg7 7.Nf3 O-O 8.Be3 c5 9.Qd2 Nc6 10.d5 
Qa5 11.Rc1 Rd8 12.Qc2 Nd4 13.Bxd4 cxd4 14.Be2 Bd7 
15.O-O Ba4 16.Qb2 dxc3 17.Qxb7 Rab8 18.Qxe7 Rde8 
19.Qd6 Rb2 20.Bd3 Bh6 21.e5 Bxc1 22.Rxc1 Rd2 
23.Bc4 c2 24.Nxd2 Qxd2 25.Qa3 Rxe5 26.Rf1 Re1 
27.Qxa4 c1Q {%}  0-1

[Event "ACL-A088"]
[Site "www.playchess.de"]
[Date "2001.04.12"]
[Round "3"]
[White "Westqualmer"]
[Black "rayschutt"]
[WhiteElo "1500"]
[BlackElo "1500"]
[PlyCount "115"]
[Result "1/2-1/2"]

1.e4 {hi}  c5 {Greetings!}  2.Nf3 d6 3.d4 cxd4 
4.Nxd4 Nf6 5.Nc3 g6 6.Be3 Bg7 7.f3 O-O 8.Qd2 Nc6 
9.Bc4 Bd7 10.O-O-O Rc8 11.Bb3 Ne5 12.Kb1 Nc4 
13.Bxc4 Rxc4 14.g4 b5 15.b3 Rc8 16.Ndxb5 Qa5 17.a4 
a6 18.Nd5 Qxd2 19.Nxe7+ Kh8 20.Rxd2 Rce8 21.Nf5 
gxf5 22.Nxd6 fxg4 23.Nxe8 Rxe8 24.Bd4 Bc6 25.Bxf6 
Bxf6 26.Rd6 Re6 27.Rxe6 fxe6 28.fxg4 Kg7 29.h3 Kg6 
30.Kc1 Bg5+ 31.Kb2 Bf6+ 32.Ka3 Be7+ 33.b4 Bxe4 
34.Re1 Bd5 35.a5 Bg5 36.Ka4 Bc4 37.Re4 Bd5 {Ich 
habe Urlaub bis 13.03}  38.Rd4 {alles klar. wünsch 
dir nen schönen urlaub.}  Bf6 39.Rd3 Bc4 40.Rf3 e5 
41.Rc3 Bb5+ 42.Kb3 e4 43.Re3 Bc6 44.c4 Bd4 45.Re1 
Bf2 46.Rb1 e3 47.Kc3 Be4 48.Ra1 Bg2 49.Kd3 Bxh3 
50.b5 Bxg4 51.Ra2 Bf5+ 52.Ke2 Bc8 53.bxa6 Bxa6 
54.Kf3 Kf5 55.Rb2 Bxc4 56.Rb4 Bf1 57.Rb1 Bd3 
58.Rb3 1/2-1/2